Terapia familiar sistémica de Milán : diálogos sobre teoría y práctica /

Obra que recupera las grabaciones de las entrevistas familiares de pacientes de Boscolo y Cecchin y del análisis que de ellas hacen éstos conjuntamente con los otros dos autores del texto.

Gardado en:
Detalles Bibliográficos
Outros autores: Boscolo, Luigi (autor) (autor)
Formato: Libro
Idioma:Lingua castelá
Publicado: Buenos Aires, Argentina : Amorrortu, 1989, c1989
Temas:
Etiquetas: Engadir etiqueta
idi 1

MARC

LEADER 00000nam^a2200000^a^4500
001 000051272
005 20250521000000.0
009 20260310090312.686
020 |a 950-518-507-3 
037 |a Acervo ITESO - Biblioteca 
041 |a ESP 
082 |a 616. 89156  |b TER 
245 1 0 |a Terapia familiar sistémica de Milán :  |b diálogos sobre teoría y práctica /  |c Luigi Boscolo... [et al.] ; tr. por Zoraida J. Valcárcel. 
264 4 |a Buenos Aires, Argentina :  |b Amorrortu,  |c 1989, c1989 
300 |a 382 p. 
336 |a texto  |b txt  |2 rdacontenido 
337 |a sin mediación  |b n  |2 rdamedio 
338 |a volumen  |b nc  |2 rdasoporte 
500 |a Traducción de: Milan systemica family therapy. Conversations in theory and practice 
520 |a Obra que recupera las grabaciones de las entrevistas familiares de pacientes de Boscolo y Cecchin y del análisis que de ellas hacen éstos conjuntamente con los otros dos autores del texto. 
649 |a XX 
650 |a Terapia Familiar 
650 |a Terapia Sistémica 
650 |a Escuela de Milán (Terapia Familiar) 
650 |a Psicoterapia 
650 |a Psicopatología 
650 |a Psicología Clínica 
700 |a Boscolo, Luigi  |e (autor) 
910 |a Fondo General 
920 |a Impresos - Libros 
930 |a Colección General 
905 |a 101 
901 |a 0500008247  |b IT1  |c ACC  |u 20250521 
901 |a 0500141887  |b IT1  |c ACC  |u 20250521 
902 |a https://opac.biblio.iteso.mx/vufind/Record/000051272